<?xml version="1.0" encoding="UTF-8"?><OAI-PMH xmlns="http://www.openarchives.org/OAI/2.0/" xmlns:xsi="http://www.w3.org/2001/XMLSchema-instance"     xsi:schemaLocation="http://www.openarchives.org/OAI/2.0/ http://www.openarchives.org/OAI/2.0/OAI-PMH.xsd"><responseDate>2026-06-30T19:17:30Z</responseDate><request verb="GetRecord" identifier="oai:regmurcia.com:fintegr.1184" metadataPrefix="marc21">http://oai.regmurcia.com/oai2/oai2.php</request><GetRecord><record><header><identifier>oai:regmurcia.com:fintegr.1184</identifier><datestamp>2026-06-30</datestamp><setSpec>documentos</setSpec></header><metadata><record  xmlns="http://www.loc.gov/MARC21/slim" xmlns:xsi="http://www.w3.org/2001/XMLSchema-instance" xsi:schemaLocation="http://www.loc.gov/MARC21/slim http://www.loc.gov/standards/marcxml/schema/MARC21slim.xsd" type="Bibliographic"><leader>00000nam a2200000   4500</leader><controlfield tag="001" >005191686</controlfield><controlfield tag="003" >1184</controlfield><controlfield tag="004" >A00000000</controlfield><datafield tag="245" ind1=" " ind2=" "><subfield code="a">Testimonio de la presentación y pregón de una carta de los Reyes Católicos a todo el reino, comunicando la supresión del impuesto de la Hermandad,(1498-06-29. Zaragoza)</subfield></datafield><datafield tag="300" ind1=" " ind2=" "><subfield code="c">312 x 220 mm.</subfield></datafield><datafield tag="300" ind1=" " ind2=" "><subfield code="a">4 fol.</subfield></datafield><datafield tag="351" ind1=" " ind2=" "><subfield code="a">Unidad Documental simple</subfield><subfield code="c">Archivo de Lorca. Array</subfield><subfield code="a">Unidad Documental simple</subfield><subfield code="c">Archivo de Lorca. Array</subfield></datafield><datafield tag="505" ind1=" " ind2=" "><subfield code="a">/medieval_lorca/medieval_lorca_308.pdf</subfield></datafield><datafield tag="506" ind1=" " ind2=" "><subfield code="a">Acceso restringido</subfield></datafield><datafield tag="510" ind1=" " ind2=" "><subfield code="a">Pub. GARCÍA DÍAZ, I. : ``Documentáción medieval del Archivo Municipal de Lorca (1257-1504). Estudio y edición``. Editum, Ayto de Lorca y Academia Alfonso X el Sabio; Murcia, 2007; p.366</subfield></datafield><datafield tag="520" ind1=" " ind2=" "><subfield code="a">Traslado coetáneo sin autorizar de la pragmática  de los Reyes Católicos (1498-06-29. Zaragoza) comunicando la supresión del impuesto de la Hermandad y testimonio de haberse recibido y pregonado en Lorca.</subfield></datafield><datafield tag="583" ind1=" " ind2=" "><subfield code="u">http://www.regmurcia.com/servlet/s.Sl?METHOD=VERDOCUMENTO&amp;sit=serv,Carmesi&amp;n=/10/2766/indice.djvu</subfield></datafield><datafield tag="592" ind1=" " ind2=" "><subfield code="a">1498-07-10</subfield></datafield><datafield tag="592" ind1=" " ind2=" "><subfield code="d">1498-07-10 00:00:00</subfield></datafield><datafield tag="651" ind1=" " ind2=" "><subfield code="a">s.l.</subfield></datafield><datafield tag="786" ind1=" " ind2=" "><subfield code="o">http://www.regmurcia.com/servlet/s.Sl?METHOD=VERDOCUMENTO&amp;sit=serv,Carmesi&amp;n=/10/2766/indice.djvu</subfield></datafield><datafield tag="856" ind1=" " ind2=" "><subfield code="u">http://www.regmurcia.com/servlet/s.Sl?METHOD=DETALLE&amp;sit=c,373,m,139,serv,Carmesi&amp;id=1184</subfield></datafield></record></metadata></record></GetRecord></OAI-PMH>
